Statistics for Michigan State Quiz

Click here to take the quiz!

General Stats

  • This quiz has been taken 27 times
  • The average score is 19 of 54

Answer Stats

HintAnswer% Correct
CapitalLansing
90%
Largest CityDetroit
86%
Company that sold the Model TFord
86%
Man who founded Ford and started the assembly lineHenry Ford
86%
Pizza chain founded in MichiganLittle Caesar’s
71%
State MammalWolverine
71%
Detroit football teamDetroit Lions
67%
Detroit baseball teamDetroit Tigers
62%
Detroit basketball teamDetroit Pistons
57%
Company that produces most cars in AmericaGeneral Motors
48%
Other Nickname of MichiganThe Great Lakes State
48%
Popular ginger ale brandVernor’s
48%
Yankees playerDerek Jeter
43%
Detroit hockey teamDetroit Red Wings
43%
Other pizza chain founded in MichiganDomino’s
43%
Current stadium of the aboveFord Field
43%
World heavyweight boxing champion from 1937 to 1949Joe Louis
43%
Blind musicianStevie Wonder
43%
Other well-known collegeUniversity of Michigan
43%
Current stadium of the aboveComerica Park
38%
Rapper known for his song “Rap God”Eminem
38%
Bridge that connects the Upper and Lower PeninsulasMackinac Bridge
38%
Queen of PopMadonna
38%
Basketball playerMagic Johnson
38%
Former stadium of the aboveJoe Louis Arena
33%
Company founded in Battle CreekKellogg’s
33%
Current stadium of the aboveLittle Caesar’s Arena
33%
Current stadium of the aboveLittle Caesar’s Arena
33%
Well-known collegeMichigan State University
33%
Nickname of MichiganThe Wolverine State
33%
Bridge that connects Detroit and Windsor, OntarioAmbassador Bridge
29%
Company that made Plymouth carsChrysler
29%
Soda company founded in MichiganFaygo
29%
Former stadium of the aboveTiger Stadium
29%
Date of StatehoodJanuary 26, 1837
24%
State RockPetoskey Stone
24%
Large museum in DearbornThe Henry Ford
24%
Former stadium of the aboveThe Palace of Auburn Hills
24%
Former stadium of the aboveThe Pontiac Silverdome
24%
State FlowerApple Blossom
19%
Michigan is the leading U.S. producer of thisCherries
19%
Leader of the SupremesDiana Ross
19%
Population10,077,331
10%
State BirdAmerican Robin
10%
Michigan is also the leading U.S. producer of thisBlueberries
10%
State FishBrook Trout
10%
Major theater in DetroitFox Theater
10%
Casino in DetroitMGM Grand
10%
Other State MammalWhite-Tailed Deer
10%
State TreeEastern White Pine
5%
Michigan has the highest number of theseGolf courses
5%
State GemstoneIsle Royale Greenstone
5%
State FossilMastodon
5%
State ReptilePainted Turtle
5%

Score Distribution

Percentile by Number Answered

Percent of People with Each Score

Your Score History

You have not taken this quiz